000 00768nam a2200217 4500
001 140300
003 ES-MaACL
005 20240203062548.0
007 t|
008 070214s1904 sp r ||||1| spa d
080 _a946.0"1474/1516"
100 1 _aSegundo Brieva y Salvatierra, Fernando.
_9105190
245 1 1 _aDiscurso leído en la Universidad Central en la inauguración del curso de 1904 a 1905 /
_cFernando Segundo Brieva y Salvatierra.
260 _aMadrid :
_b[s. n.],
_c1904 (
_fImpr. Colonial)
300 _a117 p. ;
_c27 cm.
500 _aTema: Los Reyes Católicos.
651 _aEspaña-
_xHistoria-
_y1474-1516, Reyes Católicos.
_98222
710 2 _aUniversidad Central (Madrid)
_97084
852 _aES-MaACL
_jT-1023-F-1
999 _c140300
_d140300